Awareness of light : (Record no. 367264)
[ view plain ]
| 000 -LEADER | |
|---|---|
| fixed length control field | 00964nam a22002297a 4500 |
| 003 - CONTROL NUMBER IDENTIFIER | |
| control field | 0 |
| 005 - DATE AND TIME OF LATEST TRANSACTION | |
| control field | 20250310154650.0 |
| 008 - FIXED-LENGTH DATA ELEMENTS--GENERAL INFORMATION | |
| fixed length control field | 250225b xxu||||| |||| 00| 0 eng d |
| 020 ## - INTERNATIONAL STANDARD BOOK NUMBER | |
| International Standard Book Number | 978-971-542-824-8 |
| 050 ## - LIBRARY OF CONGRESS CALL NUMBER | |
| Classification number | PN 2053 |
| Item number | .M434 2017 |
| 100 ## - MAIN ENTRY--PERSONAL NAME | |
| Personal name | Matsumoto, Naomi "Shoko", |
| Relator term | author. |
| 245 ## - TITLE STATEMENT | |
| Title | Awareness of light : |
| Remainder of title | handbook and archives of technical theater in the Philippines / |
| Statement of responsibility, etc | Naomi "Shoko" Matsumoto ; Cynthia Neri Zayas, editor. |
| 260 ## - PUBLICATION, DISTRIBUTION, ETC. (IMPRINT) | |
| Place of publication, distribution, etc | Diliman, Quezon City : |
| Name of publisher, distributor, etc | The University of the Philippines Press, |
| Date of publication, distribution, etc | c2017. |
| 300 ## - PHYSICAL DESCRIPTION | |
| Extent | xvi, 227 pages : |
| Other physical details | colored illustrations ; |
| Dimensions | 25 cm. |
| 650 ## - SUBJECT ADDED ENTRY--TOPICAL TERM | |
| Topical term or geographic name as entry element | Theaters |
| Geographic subdivision | Philippines |
| General subdivision | Handbooks, manuals, etc. |
| 650 ## - SUBJECT ADDED ENTRY--TOPICAL TERM | |
| Topical term or geographic name as entry element | Stage management |
| Geographic subdivision | Philippines |
| Form subdivision | Designs and plans. |
| 650 ## - SUBJECT ADDED ENTRY--TOPICAL TERM | |
| Topical term or geographic name as entry element | Stage lighting |
| Geographic subdivision | Philippines. |
| 650 ## - SUBJECT ADDED ENTRY--TOPICAL TERM | |
| Topical term or geographic name as entry element | Theaters |
| Geographic subdivision | Philippines |
| General subdivision | Conservation and restoration. |
| 650 ## - SUBJECT ADDED ENTRY--TOPICAL TERM | |
| Topical term or geographic name as entry element | Shoko Matsumoto Technical Library and Archives. |
| 700 ## - ADDED ENTRY--PERSONAL NAME | |
| Personal name | Zayas, Cynthia Neri, |
| Relator term | editor. |
| 942 ## - ADDED ENTRY ELEMENTS (KOHA) | |
| Source of classification or shelving scheme | Library of Congress Classification |
| Koha item type | Books |
| Withdrawn status | Lost status | Source of classification or shelving scheme | Damaged status | Home library | Current library | Shelving location | Date acquired | Source of acquisition | Total Checkouts | Full call number | Barcode | Date last seen | Date checked out | Price effective from | Koha item type |
|---|---|---|---|---|---|---|---|---|---|---|---|---|---|---|---|
| Library of Congress Classification | Luxembourg Library | Luxembourg Library | Teachers Reference Section | 02/17/2025 | Library Fund | 1 | PN 2053 .M434 2017 | 21301 | 06/04/2025 | 04/02/2025 | 02/25/2025 | Books |